Normal view
MARC view
Entry Personal Name
001 - CONTROL NUMBER
- control field: 25096
003 - CONTROL NUMBER IDENTIFIER
- control field: OSt
005 - DATE AND TIME OF LATEST TRANSACTION
- control field: 20211105134924.0
008 - FIXED-LENGTH DATA ELEMENTS
- fixed length control field: 211105|| aca||aabn | a|a d
040 ## - CATALOGING SOURCE
- Original cataloging agency: OSt
- Transcribing agency: OSt
100 ## - HEADING--PERSONAL NAME
- Personal name: Lutz, D., ed
670 ## - SOURCE DATA FOUND
- Source citation: Work cat.: (OSt): Workshop on Starburst Galaxies Ringberg Castle, Germany 2000 Sept. 10-15 25093, Starburst galaxies, 2001